Statistics for Top 25 Best Islands to Visit in 2022

Click here to take the quiz!

General Stats

  • This quiz has been taken 48 times
  • The average score is 4 of 25

Answer Stats

IslandScore% Correct
Bali92.51
53%
Crete89.40
47%
Ibiza89.89
47%
Big Island of Hawaii88.53
42%
Fiji92.38
39%
Maldives94.44
37%
Dominica91.00
34%
Madeira89.78
24%
Maui89.55
21%
St. Vincent and the Grenadines89.79
21%
Azores90.48
13%
Cebu90.12
13%
Palawan90.81
13%
Anguilla89.43
8%
Galápagos Islands92.00
8%
Boracay90.89
0%
Cape Breton90.88
0%
Ischia94.61
0%
Kiawah Island88.49
0%
Mackinac Island89.10
0%
Milos92.50
0%
Mo'orea90.24
0%
Páros90.62
0%
Phuket Island91.90
0%
Phú Quốc90.25
0%

Score Distribution

Percentile by Number Answered

Percent of People with Each Score

Your Score History

You have not taken this quiz